000
00197nam a2200085 4500
001
1233696
005
20250925113918.0
245
_a
ANADOLU FIKRALARI
_c
ERDAL ÇAKICIOĞLU
260
_b
AKVARYUM YAYINEVİ
999
_c
1233696
_d
1233696